MARC

Tag First Indicator Second Indicator Subfields
LEADER 00000cam a2200000 a 4500
001 in00002014248
005 20151031155949.0
008 940824s1993 sp ab b s000 0 glg
010 |a  94200672  
020 |a 8445308424 
035 |a (OCoLC)ocm31609020 
040 |a DLC  |c DLC  |d TXA  |d UtOrBLW 
043 |a e-po---  |a e-sp--- 
049 |a TXAM 
050 0 0 |a DP516  |b .C28 1993 
082 0 0 |a 914.6/10483  |2 20 
245 0 0 |a Camiños portugueses de peregrinación a Santiago :  |b tramos galegos. 
264 1 |a [Spain] :  |b Xunta de Galicia, Comunidade de Traballo Galicia-Norte de Portugal,  |c [1993] 
300 |a 369 pages :  |b color illustrations, maps ;  |c 24 cm. 
336 |a text  |b txt  |2 rdacontent 
337 |a unmediated  |b n  |2 rdamedia 
338 |a volume  |b nc  |2 rdacarrier 
504 |a Includes bibliographical references. 
536 |a From the Biblioteca Asensio, April 2004. 
651 0 |a Portugal  |v Guidebooks. 
651 0 |a Galicia (Spain : Region)  |v Guidebooks. 
651 0 |a Santiago de Compostela (Spain) 
650 0 |a Christian pilgrims and pilgrimages  |z Spain  |z Santiago de Compostela. 
653 |a Galicia (España)  |a Geografía. 
710 1 |a Galicia (Spain : Region).  |b Comunidade de Traballo Galicia-Norte de Portugal. 
948 |a cataloged  |b h  |c 2005/1/6  |d c  |e dmitchel  |f 10:20:30 am 
994 |a E0  |b TXA 
999 |a MARS 
999 f f |s 30035b69-0149-3544-95ba-f7f0f3fddd9d  |i 65ea30a3-85a9-3c8b-a2c6-273cef085de3  |t 0 
952 f f |p ric  |a Texas A&M University  |b Rellis Campus  |c Joint Library Facility  |d Remote Storage  |t 0  |e DP516 .C28 1993  |h Library of Congress classification  |i unmediated -- volume  |m A14831714574 
998 f f |a DP516 .C28 1993  |t 0  |l Remote Storage